| 000 | 01012cam a2200265 a 4500 | ||
|---|---|---|---|
| 999 |
_c23869 _d23869 |
||
| 001 | 4715978 | ||
| 003 | OSt | ||
| 005 | 20170127111933.0 | ||
| 008 | 840731s1985 deuc b s010 0 eng | ||
| 010 | _a 83040112 | ||
| 020 |
_a0874132479 : _c$37.50 |
||
| 040 |
_aDLC _cDLC _dDLC |
||
| 050 | 0 | 0 |
_aPR2976 _b.S343 1985 |
| 082 | 0 | 0 |
_a822.3/3 _219 |
| 245 | 0 | 0 |
_aShakespeare's "rough magic" : _bRenaissance essays in honor of C. L. Barber / _cedited by Peter Erickson and Coppélia Kahn. |
| 260 |
_aNewark : _bUniversity of Delaware Press ; _aLondon : _bAssociated University Presses, _cc1985. |
||
| 300 |
_a322 p. : _bport. ; _c24 cm. |
||
| 504 | _aIncludes bibliographies. | ||
| 600 | 1 | 0 |
_aShakespeare, William, _d1564-1616 _xCriticism and interpretation. |
| 650 | 0 |
_aRenaissance _zEngland. |
|
| 700 | 1 |
_aBarber, C. L. _q(Cesar Lombardi) |
|
| 700 | 1 | _aErickson, Peter. | |
| 700 | 1 | _aKahn, Coppélia. | |
| 906 |
_a7 _bcbc _corignew _d1 _eocip _f19 _gy-gencatlg |
||
| 942 |
_2lcc _cBOOKS _hPR 2976 .S343 1985 |
||